000
00315nam a2200133Ia 4500
008
150301s2015 xx 000 0 und d
082
_a
615.3
_b
S12K
100
_a
P.S KALSI
245
_a
SPECTROSCOPY OF ORGANIC COMPUNDS
260
_b
NEW AGE INT.
300
_a
630
650
_a
PHARMACEUTICS
942
_2
ddc
_c
BK
_0
1
999
_c
7153
_d
7153